00631 a2200205 4500001000700000003000400007005001700011008004100028082001600069100002300085245006800108260003000176300001000206690004300216700001800259700001300277942001200290999001300302952011000315066611OSt20211004152404.0  a004.36bI8I1 aMagoules, Frederic1 aIntroduction to grid computingcby Frederic Magoules...[et.al.] aNew YorkbCRC Pressc2009 a310p. aComputational grids (Computer systems) aAbhinit Kumar aPan, Jie 2ddccBK c651d651 00102ddc40708TXBaCURAJbCURAJd2012-03-07eCSCg3313.00o004.36 I8Ip897r2024-11-21w2020-09-02yBK